The Conquest of Happiness / (Record no. 594548)

000 -LEADER
fixed length control field 00384nam a22001217a 4500
082 ## - DEWEY DECIMAL CLASSIFICATION NUMBER
Classification number 171.4
Author Mark RUS
100 ## - MAIN ENTRY--PERSONAL NAME
Personal name Russel, Bertrand
245 ## - TITLE STATEMENT
Title The Conquest of Happiness /
Statement of responsibility, etc. Bertrand Russel and Translated in Urdu By Muhammad Bashir
260 ## - PUBLICATION, DISTRIBUTION, ETC.
Place of publication, distribution, etc. Rawalpindi :
Name of publisher, distributor, etc. Kandara Books,
Date of publication, distribution, etc. 1999.
300 ## - PHYSICAL DESCRIPTION
Extent 200 p. ;
Dimensions 22 cm.
880 ## - ALTERNATE GRAPHIC REPRESENTATION
Linkage 245-02\r
Title تسخیرمسرت /
942 ## - ADDED ENTRY ELEMENTS (KOHA)
Source of classification or shelving scheme
Koha item type Book
Holdings
Withdrawn status Lost status Source of classification or shelving scheme Damaged status Not for loan Permanent Location Current Location Date acquired Source of acquisition Total Checkouts Full call number Barcode Date last seen Price effective from Koha item type
          Central Library (CL) Central Library (CL) 04/19/2023 Donated by Tughral Yamin Ex Dean CIPS   171.4 RUS CL-D-2287 04/19/2023 04/19/2023 Book
© 2023 Central Library, National University of Sciences and Technology. All Rights Reserved.